000 00391nam a22001577a 4500
020 _a978-93-82116-66-3
082 _a823
_bSHA/M
100 _aGEORGEM BEENA
245 _aTHE MERCHANT OF VENICE
_bSHORT STORY
246 _aTHE MERCHANT OF VENICE
_bSHORT STORY
260 _aTHRISSUR
_bH & C PUBLISHING HOUSE
300 _a48
520 _aSHORT STORY
650 _aSHORT STORY
942 _cBK
999 _c2675
_d2675